Second World Congress on Medicinal and Aromatic Plants for Human Welfare : WOCMAP-2 : agricultural production, post-harvest techniques, biotechnology : Mendoza, Argentina, 10-15 November 1997 /

Guardado en:
Autor Corporativo: World Congress on Medicinal and Aromatic Plants for Human Welfare Mendoza, Argentina)
Otros Autores: Martino, Virginia S., (Editor , ed.)
Formato: Libro
Idioma:English
Spanish
Publicado: [Wageningen, Netherlands] : Leuven, Belgium : Wageningen Academic Press ; ISHS, 1999.
Series:Acta horticulturae ; no. 503
Materias:
Etiquetas: Agregar Etiqueta
Sin Etiquetas, Sea el primero en etiquetar este registro!
LEADER 01878cam a22003615a 4500
001 EIQ.libpla003302
008 990803s1999####ne#a#####b####101#0#eng#d
005 20071121193922.0
245 1 0 |a Second World Congress on Medicinal and Aromatic Plants for Human Welfare :  |b WOCMAP-2 : agricultural production, post-harvest techniques, biotechnology : Mendoza, Argentina, 10-15 November 1997 /  |c editors, V. Martino ... [et al.] ; [organizers, ICMAP, International Council for Medicinal and Aromatic Plants, ISHS, International Society for Horticultural Science, SAIPA, Sociedad Argentina para la Investigación de Productos Aromáticos].. 
260 |a [Wageningen, Netherlands] :  |b Wageningen Academic Press ;  |a Leuven, Belgium :  |b ISHS,  |c 1999. 
300 |a 219 p. :  |b il. ;  |c 24 cm. 
440 0 |a Acta horticulturae ;  |v no. 503 
500 |a Texto en inglés y español. 
504 |a Incluye referencias bibliográficas e índice de autores. 
020 |a 9066058811 
111 2 |a World Congress on Medicinal and Aromatic Plants for Human Welfare  |n (2nd :  |d 1997 :  |c Mendoza, Argentina) 
700 1 |a Martino, Virginia S.,  |e ed.  |4 edt 
246 1 4 |a Proceedings of the Second World Congress on Medicinal and Aromatic Plants, WOCMAP-2 
246 3 0 |a Agricultural production, post-harvest techniques, biotechnology 
246 3 0 |a WOCMAP-2 
082 0 0 |a 633.8/8  |2 21 
650 4 |a Plantas medicinales  |x Congresos. 
650 4 |a Plantas medicinales  |x Biotecnología. 
650 4 |a Plantas Aromáticas  |x Congresos. 
650 4 |a Plantas Aromáticas  |x Biotecnología. 
650 4 |a Medicinal plants  |x Congresses. 
650 4 |a Aromatic plants  |x Congresses. 
650 4 |a Aromatic plants  |x Biotechnology. 
650 4 |a Aromatic plants  |x Congresses. 
010 |a  2001400298 
040 |a MNP  |c MNP  |d VXG  |d DLC  |d AR-BbSID 
041 1 |a eng  |a spa 
859 |a AR-BbSID  |b BIB. PLAPIQUI  |h 581.634  |i W 893  |p 5021